الفهرس التمهيدي للمخطوطات المصورة حتى أواخر شهر أكتوبر تشرين أول 1948

محفوظ في:

المؤلف الرئيسي: jamieat alduwal alearabiati. al'amanat aleama.

التنسيق: كتاب

اللغة: Undetermined

منشور في: Al-Qāhirah : maehad almakhtutat alearabia, 1948.

الوسوم: إضافة وسم

لا توجد وسوم, كن أول من يضع وسما على هذه التسجيلة!

رقم الطلب: (F)Z6621 .M36

LEADER 00564nam a2200145Ia 4500
008 240329s9999||||xx |||||||||||||| ||und||
050 4 |a (F)Z6621 .M36 
100 1 |a jamieat alduwal alearabiati. al'amanat aleama. 
245 1 0 |a الفهرس التمهيدي للمخطوطات المصورة حتى أواخر شهر أكتوبر تشرين أول 1948   |c jamieat alduwal alearabiati. al'amanat aleama 
264 1 |a Al-Qāhirah :  |b maehad almakhtutat alearabia,  |c 1948. 
300 |a 570  |c 34 
500 |a Arab Union Catalog 
500 |a Arabic 
942 |2 lcc  |c BK 
999 |c 57824  |d 57824